000 00895cam a22002174a 4500
005 20250605164322.0
008 250528s ||||||||||||||||||||||||d
035 _a22953
020 _a9780750627474
040 _aGR-AtMCL
_bgre
_dGR-AtMCL
_eAACR2
245 1 _aROYAL MAIL GUIDE TO DIRECT MAIL FOR SMALL BUSINESSES
250 _a1
260 _bButterworths,
_c1996
300 _a306
505 0 _aDIRECT MAIL AND OTHER ADVERTISING METHODS WHY DIRECT MAIL WORKS SO WELL UNDERASTANDING YOUR CUSTOMERS TARGETING ADN SEGMENTATION THE MARKETING DATABASE MAILING LISTS THE IMPORTANCE OF AN OFFER
520 _aDIRECT MAIL AND OTHER ADVERTISING METHODS WHY DIRECT MAIL WORKS SO WELL UNDERASTANDING YOUR CUSTOMERS TARGETING ADN SEGMENTATION THE MARKETING DATABASE MAILING LISTS THE IMPORTANCE OF AN OFFER
700 1 _aThomas Brian
_9976
942 _cBK
999 _c7995
_d7995